Statistics for Longest NCAA Tournament Streaks

Click here to take the quiz!

General Stats

  • This quiz has been taken 42 times
  • The average score is 17 of 22

Answer Stats

StreakYearsTeamConference% Correct
271975-2001North CarolinaACC
96%
111984-1994DukeACC
93%
241996-presentDukeACC
93%
301990-presentKansasBig 12
89%
141989-2002UCLAPac-12
89%
151967-1981UCLAPac-12
89%
221998-presentMichigan StateBig Ten
86%
141999-2012TexasBig 12
86%
211999-presentGonzagaWest Coast
82%
181986-2003IndianaBig Ten
82%
171992-2008KentuckySEC
82%
191999-2017WisconsinBig Ten
82%
141979-1992GeorgetownBig East
79%
111995-2005StanfordPac-12
79%
251985-2009ArizonaPac-12
75%
101984-1993LSUSEC
75%
101983-1992SyracuseACC
75%
102002-2011PittsburghACC
64%
111994-2004MarylandBig Ten
54%
141992-2005CincinnatiAmerican
50%
101971-1980MarquetteBig East
43%
121990-2001TempleAmerican
43%

Score Distribution

Percentile by Number Answered

Percent of People with Each Score

Your Score History

You have not taken this quiz